000
002440000a22000970004500
100
1
_a
Bandow, Doug
245
1
0
_a
An agenda for limited government
300
_a
Vol. 47, Num 3 (Marzo, 1997), Páginas 146-148
773
0
_t
The Freeman
942
_c
ANA
999
_c
56658
_d
56658